Gold - Dollar - Wähgungskrise

Saved in:
Bibliographic Details
Main Author: Kolloch, Klaus
Format: Book
Language:German
Published: Berlin Wirtschaft 1981
Tags: Add Tag
No Tags, Be the first to tag this record!

MARC

LEADER 00000nam a2200000 4500
001 c131650
005 20221220103520.5
041 0 |a ger 
044 |a DE 
245 1 0 |a Gold - Dollar - Wähgungskrise  |c Klaus Kolloch 
264 1 |a Berlin  |b Wirtschaft  |c 1981 
300 |a 199 s. 
100 1 |a Kolloch, Klaus